Multiple Choice City Quiz - Nicosia - Statistics

General Stats
  • This quiz has been taken 90 times
  • The average score is 4 of 10
Answer Stats
Question Answer % Correct
When was Cyprus invaded by Turkey, leading to the division of Nicosia? 1974
71%
Nicosia is one of the last divided city in the world: how's the border called? The Green line
61%
Which one of these cypriot municipalities is located in Nicosia? Strovolos
53%
What's the only street in Nicosia that goes through the border? Ledra street
48%
What's Nicosia's main square, controversially redesigned by Zaha Hadid between 2005 and 2021? Eleftheria (Liberty) Square
46%
What's the other name of the walls of Nicosia? The Venetian Walls
41%
Which french dynasty ruled over Cyprus for 300 years, building the cathedral of Nicosia, now a mosque? The House of Lusignan
39%
Which architect designed the tower 25, one of the most famous modern landmark of Nicosia? Jean Nouvel
31%
Which famous french-cypriot singer was born in Nicosia? Diam's
16%
Which one of those football clubs is not established in Nicosia? Anorthosis
14%
No matching quizzes found
Score Distribution
Percent of People with Each Score
Percentile by Number Answered
Your Score History
You have not taken this quiz